ARRUPE JESUIT UNIVERSITY

CORONAVIRUS -STOP THE SPREAD - CLEAN,DISINFECT,COVER

Structuralism and biblical hermeneutics (Record no. 122630)

MARC details
000 -LEADER
fixed length control field 00701nam a22001817a 4500
008 - FIXED-LENGTH DATA ELEMENTS--GENERAL INFORMATION
fixed length control field 150409b xxu||||| |||| 00| 0 eng d
020 ## - INTERNATIONAL STANDARD BOOK NUMBER
International Standard Book Number 0915138190
050 ## - LIBRARY OF CONGRESS CALL NUMBER
Classification number BS476.S82
100 ## - MAIN ENTRY--PERSONAL NAME
Personal name Jonhson, A.M. jr.
9 (RLIN) 17081
245 ## - TITLE STATEMENT
Title Structuralism and biblical hermeneutics
Remainder of title a collection of essays
Statement of responsibility, etc /by Alfred M. Johnson, jr.
260 ## - PUBLICATION, DISTRIBUTION, ETC. (IMPRINT)
Place of publication, distribution, etc Pennsylvania
Name of publisher, distributor, etc The Pickwick Press
Date of publication, distribution, etc 1979
300 ## - PHYSICAL DESCRIPTION
Extent vi,228p. ;
Dimensions 22cm.
440 ## - SERIES STATEMENT/ADDED ENTRY--TITLE
Title Pittsburgh theological monograph series
Number of part/section of a work no.22
9 (RLIN) 17082
650 ## - SUBJECT ADDED ENTRY--TOPICAL TERM
Topical term or geographic name as entry element Bible
General subdivision Hermeneutics
-- Addresses
9 (RLIN) 17083
650 ## - SUBJECT ADDED ENTRY--TOPICAL TERM
Topical term or geographic name as entry element Structuralism (literaly analysis)
General subdivision Lectures
9 (RLIN) 17084
700 ## - ADDED ENTRY--PERSONAL NAME
Personal name Hadidian, Dikran Y. (Series general editor)
9 (RLIN) 17080
942 ## - ADDED ENTRY ELEMENTS (KOHA)
Source of classification or shelving scheme Library of Congress Classification
Item type Monograph ( Printed materials)
Holdings
Withdrawn status Lost status Source of classification or shelving scheme Damaged status Not for loan Collection code Home library Current library Shelving location Date acquired Total Checkouts Full call number Barcode Date last seen Price effective from Koha item type
    Library of Congress Classification     Main Collection ARRUPE LIBRARY ARRUPE LIBRARY Main Collection 09/04/2015   BS476.S82 46500002503 09/04/2015 09/04/2015 Monograph ( Printed materials)

 

Arrupe Library. PO Box MP320 Mt Pleasant, Harare, Zimbabwe
263 242 745411|librarian@aju.ac.zw